Competency-based human resource management (Record no. 1189)

MARC details
000 -LEADER
fixed length control field 00491nam a2200169Ia 4500
008 - FIXED-LENGTH DATA ELEMENTS--GENERAL INFORMATION
fixed length control field 230917s9999||||xx |||||||||||||| ||und||
020 ## - ISBN
Price RS 350.00
040 ## - CATALOGING SOURCE
-- 5002621
Original cataloging agency VIVEKANANDA LIBRARY
041 ## - Language
-- English
082 ## - DDC NUMBER
Classification number 658.3 R812C
100 ## - MAIN ENTRY--PERSONAL NAME
Personal name Roy, Anindya Basu
245 #0 - TITLE STATEMENT
Title Competency-based human resource management
260 ## - PUBLICATION, DISTRIBUTION, ETC. (IMPRINT)
Place of publication, distribution, etc New Delhi
Name of publisher, distributor, etc Sage Publications India
Date of publication, distribution, etc 2019
300 ## - PHYSICAL DESCRIPTION
Pages xviii, 238 p.
500 ## - GENERAL NOTE
General note 3937 03/01/2020 HBD20/8219 05/02/2020 IMSAR (Dev. & Research)
942 ## - ADDED ENTRY ELEMENTS (KOHA)
Koha item type Books
Holdings
Withdrawn status Lost status Damaged status Not for loan Location (home branch) Sublocation or collection (holding branch) Shelving location Date acquired Koha issues (times borrowed) Koha full call number Accession No. Koha date last seen Koha item type
        VIVEKANANDA LIBRARY VIVEKANANDA LIBRARY IMSAR Library 13/02/2020   658.3 R812C 396467 17/09/2023 Books
© Designed and Maintained by Vivekananda Library, MDU Rohtak